Представление документа в формате MARC21

Поле Инд. ПП Название Значение
Тип записи a
Библиографический уровень b
001 Контрольный номер ac04beff7ea54379814dea98249e0581
005 Дата корректировки 20260515110627.1
024 80 a Стандартный номер 10.7868/S3034512X26040026
040 a Служба первич. каталог. РИНЦ
b Код языка каталог. rus
041 0_ a Код языка текста rus
097 a Садовникова Л.В.
100 1_ a Автор Кулик В. С.
j Принадлежность неизвестного автора к последователям, ученикам, сторонникам, школе и т. д. государственный университет "Дубна"
q Полное имя Кулик Владислав Сергеевич
u Дополнение Кулик В. С.
c Титул (звания) студент
k Кафедра химии, новых технологий и материалов; Факультет естественных и инженерных наук
100 1_ a Автор Грибова Е. Д.
c Титул (звания) доцент (ученое звание); кандидат химических наук; доцент (должность)
i 000090814
g Прочие сведения Scopus Author ID: 57202955390 (https://www.scopus.com/authid/detail.uri?authorId=57202955390)
j Принадлежность неизвестного автора к последователям, ученикам, сторонникам, школе и т. д. государственный университет "Дубна"
k Кафедра химии, новых технологий и материалов; Кафедра экологии и наук о земле; Факультет естественных и инженерных наук
q Полное имя Грибова Елена Дмитриевна
u Дополнение Грибова Е. Д.
100 1_ a Автор Новикова С. А.
i 100089243
j Принадлежность неизвестного автора к последователям, ученикам, сторонникам, школе и т. д. государственный университет "Дубна"
k Кафедра химии, новых технологий и материалов; Факультет естественных и инженерных наук
q Полное имя Новикова Сагила Аладдиновна
u Дополнение Ибрагимова С. А.; Ибрагимова Сагила Аладдиновна
100 1_ a Автор Трошкина Н. Н.
j Принадлежность неизвестного автора к последователям, ученикам, сторонникам, школе и т. д. государственный университет "Дубна"
q Полное имя Трошкина Наталья Николаевна
c Титул (звания) студент
k Кафедра химии, новых технологий и материалов; Факультет естественных и инженерных наук
245 10 a Заглавие Высокочувствительная сенсорная система на основе халькогенидных квантовых точек для обнаружения катионов тяжелых металлов
246 01 a Другая форма заглавия Portable Chalcogenide Quantum Dot-Based Sensing System for Heavy Metal Cation Detection
513 a передано проректору по научной работе и инновациям
b 15.05.2026
773 18 t Название источника Журнал аналитической химии
b Сведения об издании Федеральное государственное унитарное предприятие "Академический научно-издательский, производственно-полиграфический и книгораспространительский центр "Наука"
c Москва
d Место и дата издания 2026
m Специф. данные входит в Белый список; входит в ядро РИНЦ; журнал из перечня ВАК; входит в базу данных RSCI; ненулевой импакт-фактор
n Примечание Переводная версия: Journal of Analytical Chemistry
p ЖАХ
o Прочие индексы РИНЦ 0,743
x ISSN 0044-4502
g Прочая информация Т. 81. - № 4. - С. 483 - 496
w Контрольный № источника c4f086d396894e828358c91b55588e68
q У1 Белый список
856 40 u URL https://elibrary.ru/item.asp?id=89245443
901 t Тип документа b
952 c Вид литературы статья в журнале